[Event "Plettenberg- Bergische SF"]
[Site "?"]
[Date "2022.09.18"]
[Round "1.8"]
[White "Selter, Julian"]
[Black "Metzing, Joachim"]
[Result "0-1"]
[WhiteElo "1620"]
[BlackElo "1929"]
[PlyCount "68"]
[SourceVersionDate "2023.06.22"]

1. e4 Nf6 2. e5 Nd5 3. d4 Nb6 4. c4 d6 5. exd6 cxd6 6. Nc3 g6 7. Nf3 Bg7 8. Be2
Nc6 9. h3 O-O 10. O-O e5 11. Be3 Re8 12. dxe5 dxe5 13. Qxd8 Rxd8 14. Bxb6 axb6
15. Rfd1 Be6 16. Ng5 Bf5 17. g4 Bc2 18. Rxd8+ Rxd8 19. Nd5 Nd4 20. Kf1 e4 21.
Ne3 Nxe2 22. Nxc2 Rd2 23. Ne3 Bxb2 24. Rd1 Rxd1+ 25. Nxd1 Bc1 26. Kxe2 Bxg5 27.
Nc3 f5 28. gxf5 gxf5 29. Nd5 Kf7 30. Nxb6 Ke6 31. c5 Be7 32. a4 Bxc5 33. a5
Bxb6 34. axb6 f4 0-1

[Event "Halver- Schalksmühle- Niederkassel"]
[Site "?"]
[Date "2022.09.18"]
[Round "1.1"]
[White "Stanetzek, Carsten"]
[Black "Jansen, Dirk"]
[Result "1-0"]
[WhiteElo "2166"]
[BlackElo "2132"]
[PlyCount "95"]
[SourceVersionDate "2023.06.22"]

1. e4 e6 2. d4 d5 3. exd5 exd5 4. Nf3 Nf6 5. Bd3 c5 6. O-O c4 7. Re1+ Be7 8.
Bf1 O-O 9. b3 cxb3 10. axb3 Nc6 11. Bf4 Bg4 12. c3 Bd6 13. Bxd6 Qxd6 14. Nbd2
Rfe8 15. Bd3 Rxe1+ 16. Qxe1 Re8 17. Qb1 a6 18. b4 Bxf3 19. Nxf3 Ne4 20. c4 Qxb4
21. cxd5 Nc3 22. Bxh7+ Kh8 23. Qf5 Nxd4 24. Qxf7 Nxf3+ 25. Qxf3 Nb1 26. g3 Re1+
27. Kg2 Kxh7 28. Qd3+ Kg8 29. d6 Qe4+ 30. Qxe4 Rxe4 31. Rxb1 Rd4 32. Rxb7 Rxd6
33. Ra7 Kh7 34. h4 Rb6 35. Kh3 Rb2 36. f4 Ra2 37. h5 Kh6 38. g4 g5 39. fxg5+
Kxg5 40. Rg7+ Kh6 41. Rg6+ Kh7 42. Kh4 Ra5 43. Rd6 Kg7 44. h6+ Kh7 45. g5 Ra1
46. Rd7+ Kg6 47. Rg7+ Kf5 48. h7 1-0

[Event "Halver- Schalksmühle- Niederkassel"]
[Site "?"]
[Date "2022.09.18"]
[Round "1.2"]
[White "Browning, Rebecca"]
[Black "Kneutgen, Alexander"]
[Result "1/2-1/2"]
[WhiteElo "1923"]
[BlackElo "2024"]
[PlyCount "136"]
[SourceVersionDate "2023.06.22"]

1. e4 e6 2. Nf3 d5 3. e5 c5 4. b4 d4 5. Bb2 Nc6 6. b5 Na5 7. c3 d3 8. Na3 b6 9.
c4 Bb7 10. g3 Ne7 11. Bg2 Ng6 12. O-O Be7 13. h4 f6 14. h5 Nxe5 15. Nxe5 Bxg2
16. Kxg2 fxe5 17. Qg4 Bf6 18. Qxe6+ Qe7 19. Qxe7+ Kxe7 20. Rae1 Rhe8 21. f4 e4
22. Rxe4+ Kf7 23. Rxe8 Rxe8 24. Bxf6 Kxf6 25. Kf3 Re2 26. Rd1 g6 27. hxg6 hxg6
28. Nb1 Nxc4 29. Nc3 Rh2 30. Ne4+ Kg7 31. Nf2 Na3 32. Nxd3 Nxb5 33. Ne5 Nd4+
34. Ke4 Re2+ 35. Kd5 Rg2 36. g4 Rf2 37. Nd3 Rg2 38. g5 Nf3 39. Kc6 Rxd2 40.
Rxd2 Nxd2 41. Kb7 c4 42. Nc1 b5 43. Kxa7 b4 44. Kb6 b3 45. axb3 cxb3 46. Nd3
Nc4+ 47. Kc5 b2 48. Nxb2 Nxb2 49. Kd4 Kf7 50. Ke5 Nc4+ 51. Kd5 Ne3+ 52. Ke5 Nf5
53. Kd5 Ne3+ 54. Ke5 Ng4+ 55. Kd6 Nf2 56. Ke5 Nd3+ 57. Ke4 Nc5+ 58. Ke5 Nd7+
59. Kd6 Nb6 60. Ke5 Nc4+ 61. Kd5 Ne3+ 62. Ke4 Nf5 63. Kd5 Ke7 64. Ke5 Nh4 65.
Kd5 Kd7 66. Ke5 Ke7 67. Kd5 Ng2 68. Ke5 Nh4 1/2-1/2

[Event "Halver- Schalksmühle- Niederkassel"]
[Site "?"]
[Date "2022.09.18"]
[Round "1.8"]
[White "Rieger, Mario"]
[Black "Frehen, Werner"]
[Result "1/2-1/2"]
[WhiteElo "1783"]
[BlackElo "1847"]
[PlyCount "51"]
[SourceVersionDate "2023.06.22"]

1. d4 Nf6 2. Nf3 g6 3. c4 c5 4. Nc3 cxd4 5. Nxd4 Bg7 6. e3 O-O 7. Be2 Nc6 8.
O-O d6 9. Nxc6 bxc6 10. e4 Rb8 11. Rb1 Nd7 12. Be3 Qa5 13. Bd4 Bxd4 14. Qxd4
Ne5 15. f4 c5 16. Qd2 Nc6 17. f5 Nd4 18. fxg6 Nxe2+ 19. Qxe2 fxg6 20. Rxf8+
Kxf8 21. Rf1+ Kg7 22. Qf3 Be6 23. Nd5 Qd8 24. b3 Bxd5 25. exd5 Qe8 26. Qe4
1/2-1/2

[Event "Bochum 2- KKS 2"]
[Site "?"]
[Date "2022.09.18"]
[Round "1.1"]
[White "Langner, Jasper"]
[Black "Kraemer, Matthias"]
[Result "0-1"]
[WhiteElo "1967"]
[BlackElo "2223"]
[PlyCount "76"]
[SourceVersionDate "2023.06.22"]

1. d4 Nf6 2. c4 e6 3. Nf3 b6 4. g3 Bb4+ 5. Bd2 c5 6. Bxb4 cxb4 7. a3 Qc7 8.
Nbd2 bxa3 9. Rxa3 Bb7 10. Bg2 a5 11. O-O d6 12. Qb1 Na6 13. Rc1 Rc8 14. Rac3
O-O 15. Ne1 e5 16. e3 Bxg2 17. Kxg2 Qb7+ 18. Kg1 Qd7 19. Kg2 Qb7+ 20. Kg1 Qd7
21. Kg2 exd4 22. exd4 d5 23. Nef3 Nb4 24. c5 Ne4 25. Re3 Nxd2 26. Nxd2 bxc5 27.
dxc5 d4 28. Re5 f6 29. Rh5 g6 30. Rh4 d3 31. Rhc4 Qd5+ 32. Kg1 Rfe8 33. Qa1 Nc6
34. Re1 Nd4 35. h3 Nc2 36. Rxe8+ Rxe8 37. Qa4 Re1+ 38. Nf1 Rxf1+ 0-1

[Event "Bochum 2- KKS 2"]
[Site "?"]
[Date "2022.09.18"]
[Round "1.2"]
[White "Wolter, Detlef"]
[Black "Schwibbert, Jonas"]
[Result "1/2-1/2"]
[WhiteElo "2185"]
[BlackElo "1950"]
[PlyCount "90"]
[SourceVersionDate "2023.06.22"]

1. d4 d5 2. c4 c6 3. Nc3 Nf6 4. e3 e6 5. Nf3 Nbd7 6. Bd3 dxc4 7. Bxc4 b5 8. Bd3
Bb7 9. a3 Bd6 10. O-O Qe7 11. e4 e5 12. Bg5 h6 13. Bh4 a6 14. Re1 O-O 15. Bc2
Rfd8 16. Qe2 Qe6 17. dxe5 Bxe5 18. Nxe5 Qxe5 19. Bg3 Qh5 20. Rad1 Qxe2 21. Rxe2
Nc5 22. Bd6 Ne6 23. Bb3 c5 24. Bxe6 fxe6 25. e5 Nh5 26. Red2 c4 27. g3 Bf3 28.
Re1 Rac8 29. Ne4 g6 30. Re3 Bxe4 31. Rxe4 a5 32. Rc2 Ng7 33. a4 Nf5 34. axb5
Nxd6 35. exd6 Rxd6 36. Rexc4 Rxc4 37. Rxc4 Rd5 38. b4 Rxb5 39. bxa5 Rxa5 40.
Rc7 Re5 41. Kg2 Kf8 42. g4 h5 43. h3 hxg4 44. hxg4 Ra5 45. f4 Ra3 1/2-1/2

[Event "Bochum 2- KKS 2"]
[Site "?"]
[Date "2022.09.18"]
[Round "1.3"]
[White "Klemenz, Luca"]
[Black "Spiess, Timo"]
[Result "1/2-1/2"]
[WhiteElo "1884"]
[BlackElo "2194"]
[Annotator "daniel"]
[PlyCount "89"]
[SourceVersionDate "2023.06.22"]

1. d4 d6 2. Nf3 g6 3. c4 Bg7 4. Nc3 Bg4 5. e3 Nc6 6. Be2 Nf6 7. O-O O-O 8. Qb3
Rb8 9. Rd1 Nd7 10. h3 Bxf3 11. Bxf3 e5 12. dxe5 Ncxe5 13. Be2 Nc5 14. Qc2 a5
15. b3 Ra8 16. Bb2 Re8 17. a3 c6 18. Rab1 Qe7 19. b4 axb4 20. axb4 Na6 21. Ba1
Rad8 $11 22. Qb3 Kh8 23. Rd2 f5 24. Rbd1 Nf7 25. Bf1 Be5 26. Ne2 Bxa1 27. Rxa1
Qf6 28. Qb2 Qxb2 29. Rxb2 Ra8 30. Rba2 Nc7 31. Ra7 Rxa7 32. Rxa7 Rb8 33. Nd4
Nd8 34. g4 fxg4 35. hxg4 Ra8 36. Rxa8 Nxa8 37. f4 h6 38. Kf2 Kg7 39. Nb3 Kf6
40. Bg2 Nc7 41. Na5 Na6 42. b5 cxb5 43. cxb5 Nc5 44. Bd5 g5 45. Kf3 1/2-1/2

[Event "Bochum 2- KKS 2"]
[Site "?"]
[Date "2022.09.18"]
[Round "1.4"]
[White "Goralski, Christian"]
[Black "Hendrix, Joachim"]
[Result "1-0"]
[WhiteElo "2141"]
[BlackElo "1928"]
[PlyCount "63"]
[SourceVersionDate "2023.06.22"]

1. e4 d6 2. d4 g6 3. Nc3 Bg7 4. Be3 a6 5. g4 h6 6. Bg2 Nc6 7. f4 e5 8. dxe5 h5
9. g5 Bg4 10. Bf3 dxe5 11. Bxg4 hxg4 12. f5 g3 13. h4 Nd4 14. f6 Nxf6 15. gxf6
Bxf6 16. Kf1 Qd7 17. Nd5 Bd8 18. Bg5 f6 19. Be3 Qb5+ 20. Kg2 c6 21. Nc3 Qxb2
22. Bxd4 exd4 23. Nce2 Rh7 24. Nf3 Bc7 25. Rb1 Qxa2 26. Rxb7 O-O-O 27. Qb1 Qe6
28. Ra7 Qd6 29. Nexd4 Rdh8 30. Ne6 Rxh4 31. Rxh4 Rxh4 32. Rxc7+ 1-0

[Event "Bochum 2- KKS 2"]
[Site "?"]
[Date "2022.09.18"]
[Round "1.5"]
[White "Goldenstein, Arnd"]
[Black "Hinkmann, Jens"]
[Result "1-0"]
[WhiteElo "1890"]
[BlackElo "2106"]
[PlyCount "101"]
[SourceVersionDate "2023.06.22"]

1. d4 d5 2. c4 Nc6 3. cxd5 Qxd5 4. e3 e5 5. Nc3 Bb4 6. a3 Bxc3+ 7. bxc3 exd4 8.
cxd4 Nf6 9. Ne2 Ne4 10. Nf4 Qa5+ 11. Bd2 Nxd2 12. Qxd2 Bf5 13. Qxa5 Nxa5 14.
Nd5 Kd7 15. Rc1 c6 16. Nf4 b6 17. Be2 g5 18. Nd3 Bxd3 19. Bxd3 Kd6 20. O-O Rae8
21. Rc3 h6 22. h3 f6 23. Bg6 Re7 24. f4 Rg7 25. Bb1 Re8 26. fxg5 fxg5 27. e4 c5
28. dxc5+ bxc5 29. Rf6+ Re6 30. Rxe6+ Kxe6 31. Rxc5 Nb7 32. Ba2+ Kd6 33. Rf5 h5
34. e5+ Ke7 35. Kf2 Nd8 36. Ke3 h4 37. Kf3 g4+ 38. hxg4 Rg6 39. e6 Rh6 40. Rh5
Rf6+ 41. Rf5 Rh6 42. g5 Rh8 43. Kg4 Nc6 44. Rf7+ Kd6 45. Rd7+ Kc5 46. Kh3 a6
47. g6 Rh6 48. g7 Rg6 49. e7 Nxe7 50. Rxe7 Rg3+ 51. Kh2 1-0

[Event "Bochum 2- KKS 2"]
[Site "?"]
[Date "2022.09.18"]
[Round "1.6"]
[White "Peters, Michael"]
[Black "Pragua, Christoph"]
[Result "1/2-1/2"]
[WhiteElo "1981"]
[BlackElo "2087"]
[PlyCount "97"]
[SourceVersionDate "2023.06.22"]

1. d4 Nf6 2. c4 g6 3. Nc3 d6 4. e4 Nbd7 5. Be2 Bg7 6. Be3 e5 7. d5 Nc5 8. f3 a5
9. Qd2 h5 10. Bg5 Bd7 11. Nb5 Bxb5 12. cxb5 Qd7 13. Nh3 Ng8 14. Qc3 Bh6 15. b6
f6 16. Bxh6 Nxh6 17. b4 axb4 18. Qxb4 O-O 19. Bb5 Qe7 20. O-O cxb6 21. f4 Ng4
22. f5 g5 23. Be2 Ra4 24. Qxb6 Rxe4 25. Bf3 Ra4 26. Bxg4 hxg4 27. Nf2 Rfa8 28.
Rfb1 R8a6 29. Qb5 Qf7 30. Rb4 Rxb4 31. Qxb4 Qxd5 32. Rd1 Qc6 33. Qxg4 Qe8 34.
Ne4 Nxe4 35. Qxe4 Qc6 36. Qe2 Qd7 37. Qc4+ Kg7 38. Qb3 b5 39. Qd3 Rxa2 40. Qd5
Ra7 41. h4 gxh4 42. Qf3 Ra4 43. Qh5 Qf7 44. Qf3 Rf4 45. Qc6 Rxf5 46. Rxd6 Qc4
47. Qd7+ Kg6 48. Qe8+ Kg5 49. Rd1 1/2-1/2

[Event "Bochum 2- KKS 2"]
[Site "?"]
[Date "2022.09.18"]
[Round "1.7"]
[White "Graf, Peter"]
[Black "Bautz, Volker"]
[Result "1-0"]
[WhiteElo "1877"]
[BlackElo "1679"]
[PlyCount "69"]
[SourceVersionDate "2023.06.22"]

1. d4 Nf6 2. Nf3 c5 3. d5 g6 4. Nc3 Bg7 5. e4 d6 6. h3 O-O 7. Be3 Qa5 8. Nd2 a6
9. a4 Nbd7 10. Nc4 Qc7 11. Be2 Rb8 12. a5 b5 13. axb6 Nxb6 14. Na5 Bd7 15. O-O
Ra8 16. Qd2 Rfb8 17. Ra2 Ra7 18. Rfa1 Rba8 19. f3 Qc8 20. f4 Ne8 21. Bf3 Nc7
22. e5 f5 23. b4 Nb5 24. bxc5 Nxc3 25. Qxc3 dxe5 26. fxe5 Rb8 27. Bd4 Na4 28.
Rxa4 Bxa4 29. Rxa4 Rb1+ 30. Kh2 Rc7 31. c6 Qb8 32. d6 exd6 33. exd6 Bxd4 34.
Bd5+ Kf8 35. Qxd4 1-0

[Event "Herzogenrath- Holsterhausen"]
[Site "?"]
[Date "2022.09.18"]
[Round "1.2"]
[White "Andok, Claus"]
[Black "Walbaum, Klaus"]
[Result "0-1"]
[WhiteElo "2097"]
[BlackElo "2109"]
[PlyCount "102"]
[SourceVersionDate "2023.06.22"]

1. Nf3 Nf6 2. g3 c5 3. Bg2 Nc6 4. O-O g6 5. d3 Bg7 6. e4 d6 7. c3 O-O 8. Re1
Bg4 9. h3 Bxf3 10. Qxf3 Nd7 11. Qe2 Qc7 12. Na3 Rab8 13. Nc2 b5 14. Rd1 b4 15.
cxb4 Nxb4 16. d4 Nxc2 17. Qxc2 Rfc8 18. dxc5 Qxc5 19. Qe2 Qb5 20. Qxb5 Rxb5 21.
Rb1 Rc2 22. Bf1 Rb4 23. Bd3 Rc7 24. b3 Ne5 25. a3 Rd4 26. Be2 Rxe4 27. Be3 Bh6
28. Bxh6 Rxe2 29. Be3 Rec2 30. Rd5 R2c6 31. Rbd1 Rb7 32. Ra5 a6 33. Bh6 f5 34.
Bf4 Nf3+ 35. Kg2 Rxb3 36. Be3 Ne5 37. Ra4 Nc4 38. Bc1 Nb2 39. Bxb2 Rxb2 40. Re1
Kf7 41. Rh4 h5 42. Rf4 e5 43. Rf3 Rc4 44. Rd3 Ke6 45. Red1 Rb6 46. h4 Rc5 47.
Re1 e4 48. Rd4 Ke5 49. Red1 d5 50. a4 a5 51. f4+ Kd6 0-1

[Event "Herzogenrath- Holsterhausen"]
[Site "?"]
[Date "2022.09.18"]
[Round "1.3"]
[White "Dergatschova, Anna"]
[Black "Horbach, Fabian"]
[Result "1-0"]
[WhiteElo "2110"]
[BlackElo "1982"]
[PlyCount "63"]
[SourceVersionDate "2023.06.22"]

1. c4 e6 2. e3 Nf6 3. d4 b6 4. Nf3 Bb7 5. Bd3 d5 6. cxd5 exd5 7. Nc3 Bd6 8. O-O
O-O 9. a3 Nbd7 10. b4 a6 11. Rb1 Qe7 12. Qb3 Rab8 13. b5 a5 14. Bb2 Rfe8 15.
Rfe1 Qe6 16. Ng5 Qg4 17. f4 Rxe3 18. Rxe3 Bxf4 19. Rf3 Qxg5 20. Ne2 Be3+ 21.
Kh1 Ng4 22. h3 Qh6 23. Bc1 Bxc1 24. Rxc1 Re8 25. Qb1 c5 26. Ng3 Ndf6 27. Nf5
Qd2 28. hxg4 Nxg4 29. Qc2 Re1+ 30. Rxe1 Qxe1+ 31. Rf1 Qe6 32. Qe2 1-0

[Event "Herzogenrath- Holsterhausen"]
[Site "?"]
[Date "2022.09.18"]
[Round "1.4"]
[White "Haverkamp, Klaus"]
[Black "Kortenbusch, Christoph"]
[Result "1/2-1/2"]
[WhiteElo "1857"]
[BlackElo "2079"]
[PlyCount "52"]
[SourceVersionDate "2023.06.22"]

1. e4 c5 2. Nf3 d6 3. d4 cxd4 4. Nxd4 Nf6 5. Nc3 g6 6. Be3 Bg7 7. f3 Nc6 8. Qd2
Nxd4 9. Bxd4 Be6 10. Nd5 Bxd5 11. exd5 O-O 12. Bc4 Qc7 13. Bb3 a5 14. a4 Nd7
15. Bxg7 Kxg7 16. Qd4+ Kg8 17. O-O Qc5 18. Qxc5 Nxc5 19. Bc4 Rfc8 20. Rfe1 Kf8
21. c3 Rc7 22. Bb5 Nd7 23. Rad1 Nb6 24. Rd4 Rac8 25. Ree4 Rc5 26. c4 R5c7
1/2-1/2

[Event "Herzogenrath- Holsterhausen"]
[Site "?"]
[Date "2022.09.18"]
[Round "1.5"]
[White "Sicars, Thorsten"]
[Black "Arns, Danny"]
[Result "1/2-1/2"]
[WhiteElo "2025"]
[BlackElo "1868"]
[PlyCount "92"]
[SourceVersionDate "2023.06.22"]

1. c4 c5 2. Nf3 Nf6 3. Nc3 g6 4. e4 Nc6 5. d4 cxd4 6. Nxd4 Qa5 7. Nb3 Qd8 8.
Be2 Bg7 9. Be3 O-O 10. O-O d6 11. Qd2 Ng4 12. Bxg4 Bxg4 13. f3 Be6 14. Nd5 Qd7
15. Rac1 b6 16. Rfd1 Bxd5 17. exd5 Nd8 18. Nd4 Bxd4 19. Qxd4 f6 20. Ra1 Nb7 21.
b3 Kg7 22. Qd2 Kf7 23. Re1 Rac8 24. a4 Nc5 25. Qc2 Qf5 26. Qxf5 gxf5 27. Rab1
a5 28. Red1 h5 29. Rd2 Rb8 30. Rd4 Rg8 31. Kf1 Rh8 32. Ke1 Na6 33. Kd2 Rbg8 34.
Rg1 Nc5 35. Kc3 h4 36. h3 Rg7 37. Bf2 Rhg8 38. Rxh4 Rxg2 39. Rh7+ Kf8 40. Rf1
Rh2 41. Bxc5 bxc5 42. Re1 Rg3 43. Rhxe7 Rxf3+ 44. R7e3 Rhxh3 45. Rxf3 Rxf3+ 46.
Kc2 Rf2+ 1/2-1/2

[Event "Herzogenrath- Holsterhausen"]
[Site "?"]
[Date "2022.09.18"]
[Round "1.6"]
[White "Schmitt, Lars"]
[Black "Bobzin, Pierre"]
[Result "0-1"]
[WhiteElo "1821"]
[BlackElo "2109"]
[PlyCount "68"]
[SourceVersionDate "2023.06.22"]

1. d4 Nf6 2. c4 d6 3. Nc3 Nbd7 4. e4 e5 5. d5 g6 6. Bd3 Bg7 7. Nf3 O-O 8. O-O
a5 9. h3 Nc5 10. Bc2 b6 11. Be3 Bd7 12. a3 a4 13. Re1 Qe8 14. Qe2 Nh5 15. Nd2
f5 16. Nb5 Bxb5 17. cxb5 f4 18. Bxc5 bxc5 19. Nf3 Bf6 20. Qc4 Qd7 21. Bxa4 Rfb8
22. Nd2 g5 23. Bd1 Ng7 24. Be2 h5 25. a4 g4 26. Ra3 f3 27. Bf1 Bg5 28. Rd1 Rf8
29. gxf3 gxh3 30. f4 Qg4+ 31. Rg3 Qxd1 32. Rxg5 Qxd2 33. Bxh3 Rxf4 34. Rg2 Qe1+
0-1

[Event "Welper- Lasker Köln 2"]
[Site "?"]
[Date "2022.09.18"]
[Round "1.1"]
[White "Mandt, Mathias"]
[Black "Fuellgrabe, Thomas"]
[Result "1/2-1/2"]
[WhiteElo "2113"]
[BlackElo "2260"]
[PlyCount "63"]
[SourceVersionDate "2023.06.22"]

1. d4 Nf6 2. c4 e6 3. Nc3 Bb4 4. Qc2 O-O 5. Nf3 d5 6. cxd5 exd5 7. Bg5 c5 8. e3
h6 9. Bh4 c4 10. Be2 g5 11. Bg3 Ne4 12. a3 Qa5 13. Rc1 Bxc3+ 14. bxc3 Bf5 15.
Qb2 Qb6 16. Qa1 Nc6 17. O-O Na5 18. Bd1 Rac8 19. Qa2 Nb3 20. Bxb3 Qxb3 21. Qa1
Rc6 22. Rb1 Qxc3 23. Rxb7 Ra6 24. Qxc3 Nxc3 25. Ra1 Ra8 26. Kf1 Rb6 27. Rxb6
axb6 28. Nd2 Na4 29. Bd6 c3 30. Nb3 Nb2 31. Nc1 Nd3 32. Ke2 1/2-1/2

[Event "Welper- Lasker Köln 2"]
[Site "?"]
[Date "2022.09.18"]
[Round "1.2"]
[White "Kemna, Guido"]
[Black "Di Franco, Patricio"]
[Result "1/2-1/2"]
[WhiteElo "2167"]
[BlackElo "2043"]
[Annotator "daniel"]
[PlyCount "65"]
[SourceVersionDate "2023.06.22"]

1. e4 c5 2. Nf3 Nf6 3. Nc3 d6 4. Bb5+ Bd7 5. Bxd7+ Nbxd7 6. O-O g6 7. d3 Bg7 8.
h3 O-O 9. Nh2 Rb8 10. a4 a6 11. f4 b5 12. axb5 axb5 13. Ne2 c4 14. Be3 cxd3 15.
cxd3 Nc5 16. Nd4 Qd7 17. Nhf3 Ra8 $11 18. Qe2 Nh5 19. Rxa8 Rxa8 20. Qd2 Ra2 21.
Rf2 Ne6 22. f5 Nxd4 23. Bxd4 d5 24. Bxg7 dxe4 25. Bc3 exf3 26. Rxf3 Ra1+ 27.
Kf2 Qa7+ 28. d4 Qc7 29. fxg6 hxg6 30. g3 Qc4 31. Kg2 Qd5 32. Qe3 e6 33. Bb4
1/2-1/2

[Event "Welper- Lasker Köln 2"]
[Site "?"]
[Date "2022.09.18"]
[Round "1.3"]
[White "Diesner, Michael"]
[Black "Bastians, Felix"]
[Result "1/2-1/2"]
[WhiteElo "2013"]
[BlackElo "2178"]
[PlyCount "53"]
[SourceVersionDate "2023.06.22"]

1. d4 c5 2. d5 Nf6 3. c4 e6 4. Nc3 exd5 5. cxd5 d6 6. e4 g6 7. Bd3 Bg7 8. Nge2
O-O 9. h3 Nfd7 10. O-O Ne5 11. Bc2 Na6 12. f4 Nc4 13. b3 Na5 14. Be3 Nb4 15.
Bb1 b5 16. a3 Na6 17. Ra2 b4 18. Nb5 Qb6 19. Bd3 Rd8 20. Qe1 Bd7 21. axb4 Bxb5
22. bxa5 Qb7 23. Bb1 Nb4 24. Rd2 Qa6 25. f5 Re8 26. Qf2 Qb7 27. f6 1/2-1/2

[Event "Welper- Lasker Köln 2"]
[Site "?"]
[Date "2022.09.18"]
[Round "1.4"]
[White "Schaller, Fabian"]
[Black "Rosenkraenzer, Torsten"]
[Result "1/2-1/2"]
[WhiteElo "2063"]
[BlackElo "2016"]
[PlyCount "45"]
[SourceVersionDate "2023.06.22"]

1. Nf3 d5 2. b3 c5 3. e3 Nf6 4. Bb2 g6 5. c4 dxc4 6. Bxc4 Bg7 7. O-O O-O 8. d4
cxd4 9. Nxd4 a6 10. a4 Nbd7 11. a5 Ne5 12. Be2 b6 13. axb6 Nd5 14. Nd2 Bb7 15.
Nc4 Nxb6 16. Nxe5 Bxe5 17. Nc6 Bxc6 18. Bxe5 Qd5 19. Qxd5 Bxd5 20. Rxa6 Rxa6
21. Bxa6 Bxb3 22. Rb1 Nd7 23. Bd4 1/2-1/2

[Event "Welper- Lasker Köln 2"]
[Site "?"]
[Date "2022.09.18"]
[Round "1.5"]
[White "Fohler, Claus"]
[Black "Linde, Wolfgang"]
[Result "1-0"]
[WhiteElo "2350"]
[BlackElo "2096"]
[PlyCount "69"]
[SourceVersionDate "2023.06.22"]

1. d4 d5 2. Nf3 Nf6 3. g3 e6 4. Bg2 Be7 5. O-O O-O 6. c4 c6 7. cxd5 exd5 8. Nc3
Re8 9. a4 a5 10. Ne5 Na6 11. h3 Nb4 12. g4 Bd6 13. Nd3 Bxg4 14. hxg4 Nxg4 15.
Nf4 Qh4 16. Nh3 Re6 17. Bg5 Qh5 18. Qd2 Rae8 19. Bf4 h6 20. f3 Ne3 21. Bxe3
Rxe3 22. Ne4 dxe4 23. Qxe3 Nd5 24. Qb3 e3 25. f4 Qg4 26. Rf3 Re6 27. f5 Re4 28.
Qxb7 Nf4 29. Nxf4 Bxf4 30. Qxc6 Rxd4 31. Qe8+ Kh7 32. Qxf7 Qh4 33. Rc1 Bh2+ 34.
Kf1 Bc7 35. Qxc7 1-0

[Event "Welper- Lasker Köln 2"]
[Site "?"]
[Date "2022.09.18"]
[Round "1.6"]
[White "Schaller, Torsten"]
[Black "Glaser, Steffen"]
[Result "1/2-1/2"]
[WhiteElo "1996"]
[BlackElo "1980"]
[PlyCount "40"]
[SourceVersionDate "2023.06.22"]

1. e4 Nc6 2. Nf3 Nf6 3. e5 Nd5 4. d4 d6 5. exd6 exd6 6. c4 Nb6 7. Be3 Be7 8.
Nc3 Bf5 9. Bd3 Bxd3 10. Qxd3 Bf6 11. O-O O-O 12. b3 Re8 13. Rad1 Qd7 14. c5 Nb4
15. Qb5 Qxb5 16. Nxb5 N6d5 17. cxd6 c6 18. Nc7 Nxc7 19. dxc7 Nd5 20. Rfe1 Nxc7
1/2-1/2

[Event "Welper- Lasker Köln 2"]
[Site "?"]
[Date "2022.09.18"]
[Round "1.7"]
[White "Mews, Bernhard"]
[Black "Conrad, Joachim"]
[Result "0-1"]
[WhiteElo "1973"]
[BlackElo "2015"]
[PlyCount "104"]
[SourceVersionDate "2023.06.22"]

1. d4 d6 2. e4 Nf6 3. Nc3 e5 4. Nge2 c6 5. a4 a5 6. g3 g6 7. Bg2 Bg7 8. h3 Na6
9. O-O O-O 10. Be3 Nb4 11. Qd2 Be6 12. f4 Bc4 13. Rfd1 Qe7 14. Nc1 Be6 15. Qf2
Rfd8 16. Nb3 Bxb3 17. cxb3 exd4 18. Bxd4 Nd7 19. Bxg7 Kxg7 20. Qd4+ Nf6 21. Rd2
Kg8 22. Rad1 Na6 23. Bf1 Nc5 24. e5 dxe5 25. Qxe5 Qxe5 26. fxe5 Rxd2 27. Rxd2
Nfd7 28. e6 fxe6 29. Bc4 Nf8 30. Kg2 Kf7 31. Ne2 Ke7 32. Nf4 Rd8 33. Rf2 Rd4
34. h4 Ne4 35. Re2 Rd2 36. g4 Rxe2+ 37. Bxe2 Kd6 38. h5 g5 39. Nd3 h6 40. Bd1
Nd7 41. Kf3 Nef6 42. b4 axb4 43. Nxb4 c5 44. Nc2 Ne5+ 45. Kg3 Nd3 46. b3 Ne5
47. Ne3 Ne4+ 48. Kg2 Nd3 49. Nc4+ Kd5 50. Na5 b6 51. Nc4 Kc6 52. Bf3 Ne1+ 0-1

[Event "Welper- Lasker Köln 2"]
[Site "?"]
[Date "2022.09.18"]
[Round "1.8"]
[White "Hoettler, Alexander"]
[Black "Wolters, Michael"]
[Result "1-0"]
[WhiteElo "1765"]
[BlackElo "1570"]
[PlyCount "117"]
[SourceVersionDate "2023.06.22"]

1. e4 e5 2. Nf3 Nc6 3. Bc4 Nf6 4. d3 Bc5 5. c3 d6 6. O-O Be6 7. Bb5 a6 8. Ba4
b5 9. Bc2 Bb6 10. Re1 Ne7 11. d4 Ng6 12. a4 c5 13. h3 h6 14. Be3 O-O 15. Nbd2
Qc7 16. Rc1 Rfd8 17. Qe2 c4 18. Nf1 Nh5 19. Ng3 Nhf4 20. Qf1 Re8 21. Nf5 bxa4
22. Bxa4 Nd3 23. Bxe8 Rxe8 24. Rb1 d5 25. Red1 dxe4 26. N3h4 Nxh4 27. Nxh4 g5
28. Qe2 Nf4 29. Bxf4 exf4 30. Qxe4 gxh4 31. Ra1 a5 32. Qf3 Qd8 33. Re1 Bc7 34.
Qc6 Qd7 35. Rxe6 Qxe6 36. Qxc7 Qe2 37. Rf1 a4 38. Qc6 Re6 39. Qxa4 Rg6 40. Qd1
Qxb2 41. Qf3 Qb6 42. Rd1 Qd6 43. d5 Qe5 44. Rd4 Rd6 45. Qxf4 Qxf4 46. Rxf4 Rxd5
47. Rxc4 Rd1+ 48. Kh2 Rd2 49. Rf4 Kg7 50. f3 Kg6 51. Rxh4 f5 52. Ra4 Kg5 53.
h4+ Kg6 54. Ra6+ Kh5 55. Kh3 f4 56. Rf6 Rd3 57. Rxf4 Rxc3 58. Rf6 Rxf3+ 59.
Rxf3 1-0

[Event "Euskirchen- Düsseldorf- Süd"]
[Site "?"]
[Date "2022.09.18"]
[Round "1.1"]
[White "Gula, Julian"]
[Black "Vandenbergen, Nicolas"]
[Result "1-0"]
[WhiteElo "2121"]
[BlackElo "2107"]
[PlyCount "78"]
[SourceVersionDate "2023.06.22"]

1. Nf3 Nc6 2. d4 d5 3. c4 Bg4 4. Nc3 e6 5. cxd5 exd5 6. Qb3 Bxf3 7. exf3 Nxd4
8. Qa4+ Nc6 9. Ba6 Qc8 10. O-O Bd6 11. Nxd5 Kf8 12. Bd2 Ne5 13. f4 Nd7 14. Be2
c6 15. Ne3 Ngf6 16. Nf5 Bc5 17. b4 Bb6 18. Bc3 Qc7 19. g3 h5 20. Rad1 h4 21.
Bf3 hxg3 22. hxg3 g5 23. Nd6 gxf4 24. Qb3 Rh7 25. Kg2 Nd5 26. Bxd5 cxd5 27. Rh1
Rxh1 28. Rxh1 Qxd6 29. Rh8+ Ke7 30. Rxa8 d4 31. Bd2 fxg3 32. Qxg3 Ne5 33. Bf4
Qd5+ 34. Kh2 Nf3+ 35. Kh3 Qh5+ 36. Kg2 Ne1+ 37. Kf1 Qh1+ 38. Qg1 Qxg1+ 39. Kxg1
Nf3+ 1-0

[Event "Euskirchen- Düsseldorf- Süd"]
[Site "?"]
[Date "2022.09.18"]
[Round "1.2"]
[White "Neubauer, Juergen"]
[Black "Tagsold, Christian"]
[Result "0-1"]
[WhiteElo "2063"]
[BlackElo "2096"]
[Annotator "daniel"]
[PlyCount "120"]
[SourceVersionDate "2023.06.22"]

1. e4 e5 2. Nf3 Nc6 3. Bb5 a6 4. Ba4 Nf6 5. O-O Nxe4 6. d4 b5 7. Bb3 d5 8. Nxe5
Nxe5 9. dxe5 c6 10. Be3 Be7 11. Nd2 Nxd2 12. Qxd2 Bf5 13. c3 O-O 14. a4 Qd7 15.
f4 Rfd8 16. Qf2 f6 17. Bc5 fxe5 18. Bxe7 Qxe7 19. fxe5 Be6 20. axb5 axb5 21.
Qb6 Qd7 22. Qc5 Qc7 23. Qe3 Re8 24. Rxa8 Rxa8 25. Qf4 Qa7+ 26. Kh1 Qc5 27. Qd4
$11 Qe7 28. Qd3 Rf8 29. h3 Rxf1+ 30. Qxf1 Qg5 31. Qe2 Qf4 32. Bc2 g6 33. Bb3
Kg7 34. Kg1 Qg3 35. Kf1 Bf5 36. Kg1 Bd3 37. Qd2 Be4 38. Bc2 Bxc2 39. Qxc2 Qe1+
40. Kh2 Qxe5+ 41. Kh1 Qe1+ 42. Kh2 Qe3 43. Qd1 h5 44. Qc2 g5 45. Qd1 Qf4+ 46.
Kh1 g4 47. hxg4 hxg4 48. Qe2 g3 49. Qe7+ Kg6 50. Qe6+ Kg5 51. Qg8+ Kf5 52. Qh7+
Ke5 53. Qe7+ Kf5 54. Qh7+ Kg4 55. Qg7+ Qg5 56. Qd7+ Kf4 57. Kg1 Qg4 58. Qf7+
Ke3 59. Qf1 Kd2 60. Qf3 Qh4 0-1

[Event "Euskirchen- Düsseldorf- Süd"]
[Site "?"]
[Date "2022.09.18"]
[Round "1.3"]
[White "Hoffmann, Andre"]
[Black "Herzwurm, Robert"]
[Result "1/2-1/2"]
[WhiteElo "2016"]
[BlackElo "2051"]
[PlyCount "73"]
[SourceVersionDate "2023.06.22"]

1. e4 e6 2. d4 d5 3. Nd2 Nf6 4. e5 Nfd7 5. Bd3 c5 6. c3 Nc6 7. Ne2 cxd4 8. cxd4
f6 9. exf6 Nxf6 10. Nf3 Bd6 11. O-O O-O 12. Bf4 Bxf4 13. Nxf4 Ne4 14. Qc1 Qd6
15. Ne2 e5 16. dxe5 Nxe5 17. Nxe5 Qxe5 18. f3 Nd6 19. Qc3 Qe3+ 20. Rf2 Bf5 21.
Bxf5 Nxf5 22. Qxe3 Nxe3 23. Nd4 Rf4 24. Nc2 Nxc2 25. Rxc2 Rc4 26. Rd2 Rac8 27.
Rad1 Rc1 28. Rxc1 Rxc1+ 29. Kf2 Kf7 30. Re2 Kf6 31. Ke3 Rd1 32. Rd2 Rb1 33. b3
Ke5 34. f4+ Kd6 35. Kd4 Rh1 36. g3 h5 37. b4 1/2-1/2